000 00589nam a2200181Ia 4500
008 090630s9999 xx 000 0 und d
082 _b22750
100 _aकुकडे सुमती.
245 _aस्वच्छ पाणी.
_cकुकडे सुमती.
260 _bदिलीपराज- पुणे.
_c2002
300 _a42
600 _aकुकडे सुमती.
630 _aस्वच्छ पाणी.
655 _aइतर.
700 _aकुकडे सुमती.
730 _aस्वच्छ पाणी.
942 _cBOOK
999 _c274606
_d274606